000 00471nam a2200157 a 4500
001 000024883
005 20200930023428.0
008 110207s1942 ag r 000 0 spa d
040 _aDO-SdBNP
_bspa
_cBNPHU
082 _aNNN
_bM452b
100 1 _aMaupassant, Guy de,
_d1850-1893.
_913633
245 1 0 _aBola de sebo :
_b(versión española) /
_cGuy de Maupassant.
260 _aBuenos Aires, (Argentina) :
_bTor,
_c[1942].
300 _a190, [1] p. ;
_c18 cm.
049 _aBNGR
999 _c24376
_d24376